Introduction to toxicology (Record no. 395104)

MARC details
000 -LEADER
fixed length control field 00505 a2200205 4500
005 - DATE & TIME
control field 20260415114044.0
008 - FIXED-LENGTH DATA ELEMENTS--GENERAL INFORMATION
fixed length control field 260415b |||||||| |||| 00| 0 eng d
020 ## - ISBN
International Standard Book Number 9781032036922
Price £ 67.99
040 ## - CATALOGING SOURCE
Original cataloging agency VIVEKANANDA LIBRARY
082 ## - DDC NUMBER
Classification number 615.9
Book Number T483I(4)
100 ## - MAIN ENTRY--PERSONAL NAME
Personal name Timbrell, John
245 ## - TITLE STATEMENT
Title Introduction to toxicology
250 ## - EDITION STATEMENT
Edition statement 4th
260 ## - PUBLICATION, DISTRIBUTION, ETC. (IMPRINT)
Name of publisher, distributor, etc CRC Press
Date of publication, distribution, etc 2023
Place of publication, distribution, etc Boca Raton
300 ## - PHYSICAL DESCRIPTION
Pages xvii, 298
650 ## - Subject
Subject Pharmacology
650 ## - Subject
Subject Toxicology
700 ## - Added Entry Personal Name
Added Entry Personal Name Barile, Frank A
942 ## - ADDED ENTRY ELEMENTS (KOHA)
Koha item type Books
Holdings
Withdrawn status Lost status Source of classification or shelving scheme Damaged status Not for loan Location (home branch) Sublocation or collection (holding branch) Shelving location Date acquired Koha issues (times borrowed) Koha full call number Accession No. Koha date last seen Koha item type
    Dewey Decimal Classification     VIVEKANANDA LIBRARY VIVEKANANDA LIBRARY Vivekananda Library 13/03/2026   615.9 T483I(4) 438767 13/03/2026 Books
© Designed and Maintained by Vivekananda Library, MDU Rohtak